Datum a čas kvízu
34.5
Celkem bodů
Celkový počet nahraných bodů na tomto kvízu bez doplňovacích otázek.
1.
Pořadí na kvízu
Konečné umístění týmu na tomto kvízu.
Zaznamenané odpovědi
| # | Otázka | Odpověď | Body | Výsledky |
|---|---|---|---|---|
| 1. | V masce kterého zvířete naruši... | gorily | 1 | |
| 2. | Státníci kterých dvou zemí si... | Japonsko (premiérka), Jižní Korea (prezident) | 0 | |
| 3. | Minulý týden bylo oznámeno jmé... | o Hanse Zimmera | 0 | |
| 4. | Mladoboleslavská automobilka p... | Epiq; Peaq | 1 | |
| 5. | Půl bodu získáte za jméno česk... | Jakub Menšík, oštěp | 0 | |
| 6. | Vaším úkolem v tématu bude odh... | červenou, bílou | 1 | |
| 7. | Teď se podíváme na domácí fotb... | čtyři | 0 | |
| 8. | Pojďme na hokej. Lev v logu BK... | zelená | 0 | |
| 9. | Na základě zobrazených barev l... | Los Angeles Lakers | 1 | |
| 10. | Které americké město oslavuje... | Pittsburgh | 0 |